Vista normal
Vista MARC
Entrada Geographic Name
Número de registros utilizados en: 2
001 - CONTROL NUMBER
- control field: 40602
003 - CONTROL NUMBER IDENTIFIER
- control field: OSt
005 - DATE AND TIME OF LATEST TRANSACTION
- control field: 20210917120419.0
008 - FIXED-LENGTH DATA ELEMENTS
- fixed length control field: 210917|| aca||aabn | a|a d
040 ## - CATALOGING SOURCE
- Original cataloging agency: OSt
- Transcribing agency: OSt
151 ## - HEADING--GEOGRAPHIC NAME
- Geographic name: Japón
- General subdivision: Política económica
670 ## - SOURCE DATA FOUND
- Source citation: Work cat.: (OSt)8602: Gaul, Richard, 17751 autor, El milagro japonés : , 1983